Batman/Superman /

"The Dark Knight and the Man of Steel are close friends in the modern day--but the two weren't always such close allies. Discover how two of the World's Finest Super Heroes met for the first time in the New 52, and the mysterious adventure that takes them to a whole new world-the worl...

Full description

Bibliographic Details
Main Author: Pak, Greg
Other Authors: Lee, Jae, 1972-, Siqueira, Paulo, 1982-, Oliver, Ben, C̦inar, Yildiray, 1976-, Diaz, Netho, Levitz, Paul, Lemire, Jeff, Taylor, Tom, Tomasi, Peter, Tieri, Frank
Format: Manuscript
Language:English
Published: New York : DC Comics, 2014-
Series:New 52.
Subjects:

MARC

Tag First Indicator Second Indicator Subfields
LEADER 00000ctm a2200000Ia 4500
001 in00003454113
005 20170425112605.0
008 140505m20149999nyua 6 000 1 eng
020 |a 9781401245092 (v.1 : hbk.) 
020 |a 1401245099 (v.1 : hbk.) 
020 |a 9781401249359 (v. 2 : pbk.) 
020 |a 1401249353 (v. 2 : pbk.) 
020 |a 9781401254247  |q (v. 3 hbk.) 
020 |a 1401254241  |q (v. 3 hbk.) 
020 |a 9781401257552  |q (v. 4 hbk.) 
020 |a 1401257550  |q (v. 4 hbk.) 
020 |a 9781401263690 ǂq (v. 5 hdk.) 
020 |a 1401263690 ǂq (v. 5 hdk.) 
020 |a 9781401268190 ǂq (v. 6 hdk.) 
020 |a 1401268196 ǂq (v. 6 hdk.) 
035 |a (OCoLC)ocn879180348 
040 |a SMDRL  |c SMDRL  |d UtOrBLW 
049 |a TXAM 
082 0 4 |a 741.5/973  |2 23 
090 |a PN6728.B36  |b P35 2014 
100 1 |a Pak, Greg. 
245 1 0 |a Batman/Superman /  |c Greg Pak, writer ; Jae Lee, Paulo Siqueira, Ben Oliver, Yildiray Cinar, Netho Diaz, artists. 
264 1 |a New York :  |b DC Comics,  |c 2014- 
300 |a volumes :  |b color illustrations ;  |c 27 cm. 
336 |a text  |b txt  |2 rdacontent 
337 |a unmediated  |b n  |2 rdamedia 
338 |a volume  |b nc  |2 rdacarrier 
490 1 |a New 52! 
505 0 |g v.1.  |t Cross world [#1-4] --  |g v. 2.  |t Game over /  |r Paul Levitz, writer [#5-9] --  |g v. 3.  |t Second chance /  |r Jeff Lemire, writer [#10-15] --  |g v. 4.  |t Siege [#16-20] --  |g v. 5.  |t Truth hurts [#21-27] --  |g v. 6.  |t Universe's finest /  |r Tom Taylor, Peter J. Tomasi, Frank Tieri, writers [#28-32] 
520 |a "The Dark Knight and the Man of Steel are close friends in the modern day--but the two weren't always such close allies. Discover how two of the World's Finest Super Heroes met for the first time in the New 52, and the mysterious adventure that takes them to a whole new world-the world of Earth 2! The heroes of the main DC Universe meet their Earth 2 counterparts for the first time! Collects Batman/Superman #1-4 and Justice League #23.1: Darkseid"--  |c Provided by publisher. 
500 |a Batman created by Bob Kane. 
500 |a Superman created by Jerry Siegel and Joe Shuster. 
600 0 |a Batman  |c (Fictitious character)  |v Comic books, strips, etc. 
650 0 |a Superman (Fictitious character)  |v Comic books, strips, etc. 
655 7 |a Graphic novels.  |2 gsafd 
655 7 |a Comic books, strips, etc.  |2 gsafd 
700 1 |a Lee, Jae,  |d 1972- 
700 1 |a Siqueira, Paulo,  |d 1982- 
700 1 |a Oliver, Ben. 
700 1 |a C̦inar, Yildiray,  |d 1976- 
700 1 |a Diaz, Netho. 
700 1 |a Levitz, Paul. 
700 1 |a Lemire, Jeff. 
700 1 |a Taylor, Tom. 
700 1 |a Tomasi, Peter. 
700 1 |a Tieri, Frank. 
830 0 |a New 52. 
948 |a cataloged  |b h  |c 2014/5/13  |d c  |e ceaton  |f 9:32:55 am 
994 |a C0  |b TXA 
999 |a MARS 
999 f f |s 376b1f10-55d3-3ae3-baa9-dcb95399cb18  |i be8b81c6-6557-384c-a4a2-7dfd82379771  |t 0 
952 f f |p normal  |a Texas A&M University  |b College Station  |c Sterling C. Evans Library  |d Evans: Library Stacks  |t 0  |e PN6728.B36 P35 2014  |h Library of Congress classification  |i unmediated -- volume  |k v.1  |m A14842385743 
952 f f |p normal  |a Texas A&M University  |b College Station  |c Sterling C. Evans Library  |d Evans: Library Stacks  |t 0  |e PN6728.B36 P35 2014  |h Library of Congress classification  |i unmediated -- volume  |k v.4  |m A14843341976 
952 f f |p normal  |a Texas A&M University  |b College Station  |c Sterling C. Evans Library  |d Evans: Library Stacks  |t 0  |e PN6728.B36 P35 2014  |h Library of Congress classification  |i unmediated -- volume  |k v.2  |m A14842756323 
952 f f |p normal  |a Texas A&M University  |b College Station  |c Sterling C. Evans Library  |d Evans: Library Stacks  |t 0  |e PN6728.B36 P35 2014  |h Library of Congress classification  |i unmediated -- volume  |k v.3  |m A14843127664 
952 f f |p normal  |a Texas A&M University  |b College Station  |c Sterling C. Evans Library  |d Evans: Library Stacks  |t 0  |e PN6728.B36 P35 2014  |h Library of Congress classification  |i unmediated -- volume  |k v.6  |m A14813739704 
998 f f |a PN6728.B36 P35 2014  |s v.1-6  |t 0  |l Evans: Library Stacks